Význam správne uskutočnenej odkonsolidácie a jej vplyv na údaje vykázané v konsolidovanej účtovnej závierke
Praktický príklad odkonsolidácie predaného podielu na dcérskom podniku.
Uložené v:
| Hlavný autor: | |
|---|---|
| Médium: | Kapitola |
| Jazyk: | Slovak |
| Predmet: | |
| Tagy: |
Žiadne tagy, Buďte prvý, kto otaguje tento záznam!
|
MARC
| LEADER | 00000naa a2200000 4500 | ||
|---|---|---|---|
| 001 | 0241674 | ||
| 005 | 20240502073933.4 | ||
| 041 | 0 | |a slo | |
| 044 | |a SK | ||
| 245 | 1 | 0 | |a Význam správne uskutočnenej odkonsolidácie a jej vplyv na údaje vykázané v konsolidovanej účtovnej závierke |c Ján Užík |
| 520 | |a Praktický príklad odkonsolidácie predaného podielu na dcérskom podniku. | ||
| 610 | 2 | 0 | |a konsolidácia |
| 610 | 2 | 0 | |a likvidácia podniku |
| 610 | 2 | 0 | |a výkazy účtovné |
| 610 | 2 | 0 | |a výkazy účtovné konsolidované |
| 610 | 2 | 0 | |a štandardy účtovné medzinárodné |
| 610 | 2 | 0 | |a predaj |
| 610 | 2 | 0 | |a podnik dcérsky |
| 100 | 1 | |a Užík, Ján, 1969- | |